|
|
|
|
| LEADER |
00000nas a2200000 a 4500 |
| 001 |
vtls009002816 |
| 003 |
SK-MaSNL |
| 005 |
20260228164141.0 |
| 008 |
070627c20059999yu mr p 0 b0slo |
| 040 |
|
|
|a SNK
|b slo
|c SNK
|e AACR2
|
| 041 |
0 |
|
|a slo
|a scr
|
| 043 |
|
|
|a e-yu---
|
| 044 |
|
|
|a yu
|c YU
|
| 080 |
|
|
|a 050
|2 2001
|
| 080 |
|
|
|a 908(497.113)
|2 2001
|
| 080 |
|
|
|a (=162.4)
|2 2001
|
| 080 |
|
|
|a 32.019.5
|2 2001
|
| 080 |
|
|
|a 394
|2 2001
|
| 245 |
0 |
0 |
|a Naša reč
|b informatívny mesačník
|
| 260 |
|
|
|a Báčsky Petrovec
|b Obec Báčsky Petrovec
|c 2005-
|
| 300 |
|
|
|a zv.
|b ilustr.
|c 29 cm
|
| 310 |
|
|
|a 1x mesačne
|
| 362 |
0 |
|
|a Roč. 1, č. 0 (okt. 2005)-
|
| 500 |
|
|
|a Podnázov v tir.: informatívny mesačník Obce Báčsky Petrovec
|
| 515 |
|
|
|a Niektoré čísla vychádzajú ako dvojčísla
|
| 515 |
|
|
|a Mesačník má uvedené aj priebežné číslovanie
|
| 546 |
|
|
|a Čiast. text chorvátsky
|
| 650 |
0 |
7 |
|a Slováci v zahraničí
|2 SNKPH
|9 14695
|
| 651 |
|
7 |
|a Petrovec (Srbsko)
|2 SNKPH
|9 175238
|
| 655 |
|
7 |
|a miestne časopisy
|2 SNKPH
|9 268091
|
| 655 |
|
7 |
|a krajanské periodiká
|2 SNKPH
|9 110004
|
| 910 |
|
|
|a snk
|
| 999 |
|
|
|c 12430
|d 14360
|
| 952 |
|
|
|0 0
|1 0
|4 0
|7 0
|8 2
|a SNK
|b SNK
|d 2010-03-24
|i snk2010/6056
|l 0
|o snkČSB 5648/4/2008
|p 17A0635574
|r 2026-02-21 19:32:01
|t č. 29-39(1-12)
|w 2026-02-21
|y PREZ
|
| 952 |
|
|
|0 0
|1 0
|4 0
|7 0
|8 2
|a SNK
|b SNK
|d 2010-03-03
|i snk2010/4274
|l 0
|o snkČSB 5648/1/2005
|p 17A0600243
|r 2026-02-21 21:41:51
|t č. 0,1,2
|w 2026-02-21
|y PREZ
|
| 952 |
|
|
|0 0
|1 0
|4 0
|7 0
|8 2
|a SNK
|b SNK
|d 2010-03-03
|i snk2010/4276
|l 0
|o snkČSB 5648/2/2006
|p 17A0600244
|r 2026-02-21 21:41:51
|t č. 1-12 + m.č.
|w 2026-02-21
|y PREZ
|
| 952 |
|
|
|0 0
|1 0
|4 0
|7 0
|8 2
|a SNK
|b SNK
|d 2010-03-03
|i snk2010/4279
|l 0
|o snkČSB 5648/3/2007
|p 17A0600245
|r 2026-02-21 21:41:51
|t č. 1-12 + m.č.
|w 2026-02-21
|y PREZ
|
| 952 |
|
|
|0 0
|1 0
|4 0
|7 0
|8 2
|a SNK
|b SNK
|d 2016-02-17
|i snk2016/4287
|l 0
|o snkČSB 5648/5/2009
|p 17A1097946
|r 2026-02-21 22:02:24
|t č. 40-41 ( 1-3)
|w 2026-02-21
|y PREZ
|z na dokumente uvedené číslovanie 13-14 - malo byť 1-2, č. 3 označené ako č. 3
|